| 000 | 00453nam a22001697a 4500 | ||
|---|---|---|---|
| 003 | OSt | ||
| 005 | 20140310182321.0 | ||
| 008 | 130312t xxu||||| |||| 00| 0 eng d | ||
| 020 | _a983258406X | ||
| 050 |
_aPZ 7 _b.W721 2006 |
||
| 082 |
_aCL 398.2 _bG798 2006 |
||
| 245 |
_aThe great big turnip _cedited by Bob Williams |
||
| 260 |
_aMalaysia _bKohwai & Young _c2006 |
||
| 300 |
_a16 p. _bcol. ill. _c26 cm. |
||
| 942 |
_2lcc _cBK-GS |
||
| 999 |
_c11814 _d11814 |
||